书目信息 |
| 题名: |
审计学
|
|
| 作者: | 胡中艾 主编 | |
| 分册: | ||
| 出版信息: | 大连 东北财经大学出版社 2001 |
|
| 页数: | 202页 | |
| 开本: | 30cm | |
| 丛书名: | ||
| 单 册: | ||
| 中图分类: | F239.0 | |
| 科图分类: | ||
| 主题词: | 审计学--高等学校:技术学校--教材 | |
| 电子资源: | ||
| ISBN: | 7-81044-921-4 | |
| 000 | 00555nam0 2200193 45 | |
| 001 | 0311111527 | |
| 005 | 20031219104121.2 | |
| 010 | @a7-81044-921-4@dCNY18.00 | |
| 100 | @a20031111d2001 km y0chiy0120 ea | |
| 101 | 0 | @achi |
| 105 | @a z 000yy | |
| 200 | 1 | @a审计学@AShen Ji Xue@f胡中艾主编@FHu Zhong Ai Zhu Bian |
| 210 | @a大连@c东北财经大学出版社@d2001 | |
| 215 | @a202页@d30cm | |
| 606 | 0 | @a审计学@x高等学校:技术学校@x教材 |
| 690 | @aF239.0@v4 | |
| 701 | 0 | @a胡中艾@4主编 |
| 801 | @aCN@bTSTC@c20031111 | |
| 905 | @a213230@b327821-825@dF239.0@e124@f5 | |
| 审计学/胡中艾主编.-大连:东北财经大学出版社,2001 |
| 202页;30cm |
| ISBN 7-81044-921-4:CNY18.00 |
| ● |
| 相关链接 |
|
|
|
|
正题名:审计学
索取号:F239.0/124
 
预约/预借
| 序号 | 登录号 | 条形码 | 馆藏地/架位号 | 状态 | 备注 |
| 1 | 0327821 | 203278210 | 第一借阅区/ [索取号:F239.0/124] | 在馆 | |
| 2 | 0327822 | 203278229 | 第一借阅区/ [索取号:F239.0/124] | 在馆 | |
| 3 | 0327823 | 203278238 | 第一借阅区/ [索取号:F239.0/124] | 在馆 | |
| 4 | 0327824 | 203278247 | 第一借阅区/ [索取号:F239.0/124] | 在馆 | |
| 5 | 0327825 | 203278256 | 第一样本阅览室/ [索取号:F239.0/124] | 在馆 |